[Event "18. Obert Int. Sant Marti 2016 - B"]
[Site "Barcelona ESP"]
[Date "2016.07.17"]
[Round "5.7"]
[White "Ritter Aguilar, Jordi"]
[Black "Khachatryan, Tigran V."]
[Result "1-0"]
[WhiteElo "1868"]
[BlackElo "1936"]
[PlyCount "81"]
[EventDate "2016.07.13"]
[EventType "swiss"]
[EventRounds "9"]
[EventCountry "ESP"]
[SourceTitle "Ajedrez en Madrid"]
[Source "lmi"]
[SourceDate "2016.07.13"]
[SourceVersion "1"]
[SourceVersionDate "2019.06.21"]
[SourceQuality "1"]

1. c4 Nf6 2. Nc3 e6 3. e4 d5 4. cxd5 exd5 5. e5 d4 6. exf6 dxc3 7. bxc3 Qxf6 8.
Nf3 Bd6 9. d4 O-O 10. Be2 c5 11. Bg5 Qg6 12. O-O cxd4 13. Bd3 Qh5 14. h3 Nc6
15. cxd4 f5 16. Bc4+ Kh8 17. Bd2 f4 18. Ne5 f3 19. Nxf3 Nxd4 20. Ng5 Qg6 21.
Be3 Nf5 22. Qd5 h6 23. Nf7+ Kh7 24. Rad1 Bc7 25. Bc5 Re8 26. Rfe1 Be6 27. Ng5+
Qxg5 28. Rxe6 Red8 29. Qf3 Rxd1+ 30. Qxd1 Qf4 31. Qc2 Kh8 32. Bd3 Qh2+ 33. Kf1
Nh4 34. Be4 Qh1+ 35. Ke2 Nxg2 36. Rxh6+ gxh6 37. Bd4+ Kg8 38. Bd5+ Kf8 39. Qf5+
Ke8 40. Qf7+ Kd8 41. Bf6+ 1-0

[Event "18. Obert Int. Sant Marti 2016 - B"]
[Site "Barcelona ESP"]
[Date "2016.07.17"]
[Round "5.8"]
[White "Riera Danes, Manel"]
[Black "Khudov, Oleksandr"]
[Result "1/2-1/2"]
[WhiteElo "1916"]
[BlackElo "1847"]
[PlyCount "53"]
[EventDate "2016.07.13"]
[EventType "swiss"]
[EventRounds "9"]
[EventCountry "ESP"]
[SourceTitle "Ajedrez en Madrid"]
[Source "lmi"]
[SourceDate "2016.07.13"]
[SourceVersion "1"]
[SourceVersionDate "2019.06.21"]
[SourceQuality "1"]

1. e4 e6 2. d4 d5 3. Nd2 c5 4. exd5 Qxd5 5. Ngf3 cxd4 6. Bc4 Qd6 7. O-O Nf6 8.
Nb3 Nc6 9. Nbxd4 Nxd4 10. Nxd4 a6 11. c3 Qc7 12. Qe2 Bd6 13. h3 O-O 14. Bg5 Nd7
15. Rad1 Ne5 16. Bb3 h6 17. Bc1 Kh8 18. Qh5 Ng6 19. Nxe6 Bxe6 20. Bxe6 Bh2+ 21.
Kh1 Nf4 22. Bxf4 Bxf4 23. Bb3 a5 24. Qf5 g6 25. Qf6+ Kh7 26. Rfe1 Bg5 27. Qf3
1/2-1/2

[Event "18. Obert Int. Sant Marti 2016 - B"]
[Site "Barcelona ESP"]
[Date "2016.07.17"]
[Round "5.9"]
[White "Abarca Garcia, Xavier"]
[Black "Cervello I Tost, Roger"]
[Result "0-1"]
[WhiteElo "1864"]
[BlackElo "1910"]
[PlyCount "102"]
[EventDate "2016.07.13"]
[EventType "swiss"]
[EventRounds "9"]
[EventCountry "ESP"]
[SourceTitle "Ajedrez en Madrid"]
[Source "lmi"]
[SourceDate "2016.07.13"]
[SourceVersion "1"]
[SourceVersionDate "2019.06.21"]
[SourceQuality "1"]

1. d4 d5 2. c4 e6 3. Nc3 Nf6 4. cxd5 exd5 5. Bg5 c6 6. e3 Bd6 7. Bd3 Be6 8. Qc2
Nbd7 9. Nge2 h6 10. Bf4 Bxf4 11. Nxf4 Qe7 12. Nxe6 Qxe6 13. O-O O-O 14. b4 Rac8
15. Bf5 Qe7 16. Rfe1 Rfe8 17. h3 g6 18. Bd3 Ne4 19. Bxe4 dxe4 20. Qb3 Nf6 21.
Rac1 Qd7 22. b5 c5 23. Ne2 b6 24. Red1 Qe7 25. dxc5 Rxc5 26. Rxc5 Qxc5 27. Rc1
Qe5 28. Nd4 Kg7 29. Nc6 Qc7 30. Rd1 Nd7 31. Rd5 Nc5 32. Qc3+ f6 33. Qd4 Rf8 34.
Rd6 Qf7 35. Rd5 Rc8 36. a4 Rc7 37. Kf1 h5 38. Kg1 Kh7 39. Kh2 f5 40. Rd8 Qg7
41. Qxg7+ Kxg7 42. Ra8 Nxa4 43. Rxa7 Rxa7 44. Nxa7 Kf6 45. h4 Ke5 46. Nc6+ Kd6
47. Kg3 Nc5 48. f3 Ne6 49. fxe4 fxe4 50. Nd4 Nxd4 51. exd4 Kd5 0-1

[Event "18. Obert Int. Sant Marti 2016 - B"]
[Site "Barcelona ESP"]
[Date "2016.07.17"]
[Round "5.10"]
[White "Santolaria Pena, M."]
[Black "Molina Hernandez, Albert"]
[Result "1/2-1/2"]
[WhiteElo "1846"]
[BlackElo "1908"]
[PlyCount "93"]
[EventDate "2016.07.13"]
[EventType "swiss"]
[EventRounds "9"]
[EventCountry "ESP"]
[SourceTitle "Ajedrez en Madrid"]
[Source "lmi"]
[SourceDate "2016.07.13"]
[SourceVersion "1"]
[SourceVersionDate "2019.06.21"]
[SourceQuality "1"]

1. d4 Nf6 2. Bf4 g6 3. Nc3 Bg7 4. e4 d6 5. f3 c6 6. Qd2 Nbd7 7. O-O-O Qa5 8. g4
b5 9. Kb1 b4 10. Nce2 h5 11. g5 Nh7 12. h4 Nhf8 13. Be3 c5 14. Nc1 Ne6 15. Nb3
Qc7 16. d5 Nd8 17. f4 a5 18. Nf3 a4 19. Nc1 a3 20. b3 Bc3 21. Qf2 Ba6 22. Bxa6
Rxa6 23. Nd2 O-O 24. Nc4 Nb6 25. Qf1 Ra7 26. Qd3 Nxc4 27. bxc4 Kh7 28. f5 Qc8
29. Ne2 Be5 30. Rhf1 Nb7 31. Nf4 Bxf4 32. Bxf4 Na5 33. Ka1 Qa6 34. Rf2 Qxc4 35.
Qxc4 Nxc4 36. Rff1 gxf5 37. exf5 Nb6 38. Rd2 Rd7 39. Rg1 Rg8 40. Kb1 Nc4 41.
Re2 Nb6 42. Rd2 Nc4 43. Re2 Nb6 44. Rd1 Na4 45. Bd2 Nb6 46. Bf4 Na4 47. Bd2
1/2-1/2

[Event "18. Obert Int. Sant Marti 2016 - B"]
[Site "Barcelona ESP"]
[Date "2016.07.17"]
[Round "5.11"]
[White "Poyato Ruiz, Fernando"]
[Black "Palacios Pena, Gerardo"]
[Result "0-1"]
[WhiteElo "1840"]
[BlackElo "1903"]
[PlyCount "103"]
[EventDate "2016.07.13"]
[EventType "swiss"]
[EventRounds "9"]
[EventCountry "ESP"]
[SourceTitle "Ajedrez en Madrid"]
[Source "lmi"]
[SourceDate "2016.07.13"]
[SourceVersion "1"]
[SourceVersionDate "2019.06.21"]
[SourceQuality "1"]

1. d4 Nf6 2. c4 g6 3. Nc3 d5 4. cxd5 Nxd5 5. e4 Nxc3 6. bxc3 Bg7 7. Bc4 c5 8.
Ne2 Nc6 9. Be3 O-O 10. O-O Na5 11. Bd3 Qc7 12. Rc1 b6 13. Qd2 Re8 14. Bh6 Bh8
15. Bf4 e5 16. Bg3 Qe7 17. d5 f5 18. f3 Bf6 19. Bf2 Nb7 20. c4 Nd6 21. a4 Bd7
22. a5 Reb8 23. Ra1 Qd8 24. Rfb1 Qc7 25. axb6 axb6 26. Nc3 f4 27. Qb2 Bd8 28.
Ra2 Rxa2 29. Qxa2 Kf7 30. Nb5 Bxb5 31. cxb5 Rb7 32. Ra1 Qb8 33. Qb3 Qc8 34. Bc4
Bf6 35. Ra6 Qc7 36. Qa4 g5 37. Kf1 Qd7 38. h3 Qc7 39. Ke2 h6 40. Kd3 h5 41. Qa1
Qd7 42. Qb1 Kg6 43. Ra8 Ra7 44. Rxa7 Qxa7 45. Qb3 Qa1 46. Ke2 Qh1 47. Qa4 Qxg2
48. Bd3 g4 49. Qa8 Qxf3+ 50. Ke1 Qxd3 51. Qg8+ Bg7 52. Qe6+ 0-1

[Event "18. Obert Int. Sant Marti 2016 - B"]
[Site "Barcelona ESP"]
[Date "2016.07.17"]
[Round "5.12"]
[White "Fernandez Egea, Andres"]
[Black "Martinez Balaguer, Josep"]
[Result "1-0"]
[WhiteElo "1886"]
[BlackElo "1834"]
[PlyCount "51"]
[EventDate "2016.07.13"]
[EventType "swiss"]
[EventRounds "9"]
[EventCountry "ESP"]
[SourceTitle "Ajedrez en Madrid"]
[Source "lmi"]
[SourceDate "2016.07.13"]
[SourceVersion "1"]
[SourceVersionDate "2019.06.21"]
[SourceQuality "1"]

1. e4 c5 2. Nf3 Nc6 3. d4 cxd4 4. Bc4 e6 5. c3 dxc3 6. Nxc3 Nf6 7. e5 Ng4 8.
Qe2 Qa5 9. Bf4 Bb4 10. Rc1 h5 11. O-O a6 12. Rfd1 Nh6 13. a3 Be7 14. Ne4 Nf5
15. Nd6+ Nxd6 16. exd6 Bf6 17. Rc2 b5 18. Bd5 Bb7 19. Be4 O-O 20. Rc5 g6 21.
Bh6 Bg7 22. Bxg7 Kxg7 23. Rg5 f5 24. Bxc6 Bxc6 25. Ne5 Rf6 26. Qxh5 1-0

[Event "18. Obert Int. Sant Marti 2016 - B"]
[Site "Barcelona ESP"]
[Date "2016.07.17"]
[Round "5.13"]
[White "Valbuena Castro, Gregorio"]
[Black "Garcia Ruiz, Adrian"]
[Result "0-1"]
[WhiteElo "1724"]
[BlackElo "1884"]
[PlyCount "50"]
[EventDate "2016.07.13"]
[EventType "swiss"]
[EventRounds "9"]
[EventCountry "ESP"]
[SourceTitle "Ajedrez en Madrid"]
[Source "lmi"]
[SourceDate "2016.07.13"]
[SourceVersion "1"]
[SourceVersionDate "2019.06.21"]
[SourceQuality "1"]

1. e4 e6 2. d4 d5 3. e5 c5 4. c3 Qb6 5. Nf3 Nc6 6. Bd3 cxd4 7. cxd4 Bd7 8. O-O
Nxd4 9. Nxd4 Qxd4 10. Nc3 a6 11. Qe2 Ne7 12. Rd1 Nc6 13. Bxa6 Qxe5 14. Qxe5
Nxe5 15. Bxb7 Ra7 16. Bxd5 exd5 17. Re1 f6 18. f4 Bc5+ 19. Kh1 d4 20. Nb1 O-O
21. fxe5 fxe5 22. Nd2 Bb4 23. Rxe5 Rxa2 24. Rb1 Bf5 25. Ne4 Bxe4 0-1

[Event "18. Obert Int. Sant Marti 2016 - B"]
[Site "Barcelona ESP"]
[Date "2016.07.17"]
[Round "5.14"]
[White "Serra Vilaro, Agustin"]
[Black "Minko, Dmitry"]
[Result "0-1"]
[WhiteElo "1829"]
[BlackElo "1884"]
[PlyCount "70"]
[EventDate "2016.07.13"]
[EventType "swiss"]
[EventRounds "9"]
[EventCountry "ESP"]
[SourceTitle "Ajedrez en Madrid"]
[Source "lmi"]
[SourceDate "2016.07.13"]
[SourceVersion "1"]
[SourceVersionDate "2019.06.21"]
[SourceQuality "1"]

1. d4 d5 2. c3 Nf6 3. e3 Nbd7 4. f4 Ne4 5. Nd2 Ndf6 6. Bd3 Bf5 7. Nxe4 dxe4 8.
Bc4 e6 9. Ne2 h5 10. Qb3 Rb8 11. Qa4+ c6 12. Qxa7 b5 13. Bb3 Qc8 14. d5 exd5
15. a4 Ra8 16. Qd4 Nd7 17. O-O Bg4 18. Ng3 h4 19. Nh1 f6 20. Bd1 Nc5 21. a5 Nd3
22. b4 Be6 23. Ba3 Rxa5 24. c4 Rxa3 25. Rxa3 Bxb4 26. Rxd3 c5 27. Qa1 exd3 28.
cxb5 h3 29. g3 O-O 30. Bf3 Bd2 31. Kf2 c4 32. Qd4 Qd7 33. Rd1 Bb4 34. f5 Bf7
35. e4 Qxb5 0-1

[Event "18. Obert Int. Sant Marti 2016 - B"]
[Site "Barcelona ESP"]
[Date "2016.07.17"]
[Round "5.15"]
[White "Andreu Termes, Frederic"]
[Black "Ayza Casamitjana, Antoni"]
[Result "1/2-1/2"]
[WhiteElo "1870"]
[BlackElo "1818"]
[PlyCount "59"]
[EventDate "2016.07.13"]
[EventType "swiss"]
[EventRounds "9"]
[EventCountry "ESP"]
[SourceTitle "Ajedrez en Madrid"]
[Source "lmi"]
[SourceDate "2016.07.13"]
[SourceVersion "1"]
[SourceVersionDate "2019.06.21"]
[SourceQuality "1"]

1. c4 e5 2. g3 Nf6 3. Bg2 Nc6 4. Nc3 Be7 5. d3 d6 6. Nf3 O-O 7. b3 a6 8. Bb2
Be6 9. O-O Rb8 10. Ng5 Bd7 11. Nge4 Qc8 12. Nd5 Nxd5 13. cxd5 Nd8 14. e3 f5 15.
Nd2 b5 16. f4 Bf6 17. fxe5 dxe5 18. Rc1 Nf7 19. Qc2 Bd8 20. Nf3 Re8 21. e4 Rb6
22. Qf2 Rf6 23. Qc5 c6 24. Kh1 Be7 25. Qa7 Bd6 26. dxc6 Bxc6 27. Nh4 g6 28.
exf5 Bxg2+ 29. Nxg2 Rxf5 30. Rfe1 1/2-1/2

[Event "18. Obert Int. Sant Marti 2016 - B"]
[Site "Barcelona ESP"]
[Date "2016.07.17"]
[Round "5.16"]
[White "Colom Andres, Xavier"]
[Black "Parayre Soguero, Jordi"]
[Result "0-1"]
[WhiteElo "1812"]
[BlackElo "1918"]
[PlyCount "46"]
[EventDate "2016.07.13"]
[EventType "swiss"]
[EventRounds "9"]
[EventCountry "ESP"]
[SourceTitle "Ajedrez en Madrid"]
[Source "lmi"]
[SourceDate "2016.07.13"]
[SourceVersion "1"]
[SourceVersionDate "2019.06.21"]
[SourceQuality "1"]

1. c4 b6 2. Nc3 Bb7 3. e4 e6 4. Bd3 Nf6 5. Nf3 d6 6. Bc2 c5 7. d4 Nbd7 8. O-O
Be7 9. Re1 cxd4 10. Nxd4 O-O 11. f4 Qc7 12. b3 a6 13. Qd3 Rac8 14. Bb2 Qc5 15.
Kh1 Ng4 16. Qg3 Qxd4 17. Qxg4 Nf6 18. Qe2 Qc5 19. Rad1 Qh5 20. e5 Ng4 21. Bxh7+
Kxh7 22. Qd3+ Kg8 23. Qg3 Bh4 0-1

[Event "18. Obert Int. Sant Marti 2016 - B"]
[Site "Barcelona ESP"]
[Date "2016.07.17"]
[Round "5.17"]
[White "Carrey Abellan, Enric"]
[Black "Moysen Cortes, Jessica"]
[Result "1-0"]
[WhiteElo "1911"]
[BlackElo "1740"]
[PlyCount "77"]
[EventDate "2016.07.13"]
[EventType "swiss"]
[EventRounds "9"]
[EventCountry "ESP"]
[SourceTitle "Ajedrez en Madrid"]
[Source "lmi"]
[SourceDate "2016.07.13"]
[SourceVersion "1"]
[SourceVersionDate "2019.06.21"]
[SourceQuality "1"]

1. d4 Nf6 2. c4 e6 3. Nc3 Bb4 4. Qc2 b6 5. Bg5 Bb7 6. a3 Bxc3+ 7. Qxc3 O-O 8.
f3 d5 9. e3 Nbd7 10. Bd3 c5 11. Ne2 cxd4 12. exd4 dxc4 13. Qxc4 Rc8 14. Qa4 a5
15. Rd1 h6 16. Bh4 g5 17. Bf2 Nd5 18. O-O N7f6 19. Rc1 Qe7 20. Qb3 Nh5 21. Rfe1
Qd6 22. Be4 f5 23. Bb1 Ndf6 24. Nc3 Nd5 25. Nxd5 Bxd5 26. Qb5 Bc6 27. Qxb6 g4
28. Ba2 Rf6 29. Rc3 g3 30. hxg3 Nxg3 31. Re5 f4 32. Qxa5 Rb8 33. b4 Rg6 34. Qa6
Qxe5 35. dxe5 Rd8 36. Rd3 Ne2+ 37. Kf1 Rxd3 38. Qxd3 Nc1 39. Qxg6+ 1-0

[Event "18. Obert Int. Sant Marti 2016 - B"]
[Site "Barcelona ESP"]
[Date "2016.07.17"]
[Round "5.18"]
[White "Costa Trave, Jaume"]
[Black "Pascual Gonzalez-Novelles, Carles"]
[Result "1-0"]
[WhiteElo "1902"]
[BlackElo "1718"]
[PlyCount "67"]
[EventDate "2016.07.13"]
[EventType "swiss"]
[EventRounds "9"]
[EventCountry "ESP"]
[SourceTitle "Ajedrez en Madrid"]
[Source "lmi"]
[SourceDate "2016.07.13"]
[SourceVersion "1"]
[SourceVersionDate "2019.06.21"]
[SourceQuality "1"]

1. f4 d5 2. e3 c5 3. Nf3 Nc6 4. d4 e6 5. c3 Nf6 6. Bd3 Be7 7. Nbd2 Bd7 8. O-O
O-O 9. Ne5 a6 10. Qf3 Rc8 11. Qh3 h6 12. g4 Nh7 13. Ndf3 Nxe5 14. Nxe5 f5 15.
Rf2 Qe8 16. Rg2 Bf6 17. Nxd7 Qxd7 18. gxf5 cxd4 19. exd4 exf5 20. Qxh6 Rce8 21.
Bd2 Re6 22. Qh3 Rb6 23. b3 Be7 24. Kh1 Rf7 25. Rag1 Rbf6 26. c4 Qd6 27. Qf3 Rh6
28. a3 Nf6 29. Bxf5 dxc4 30. Bb4 Qc7 31. Be6 Bxb4 32. Rxg7+ Kh8 33. Rxf7 Qa5
34. Rxf6 1-0

[Event "18. Obert Int. Sant Marti 2016 - B"]
[Site "Barcelona ESP"]
[Date "2016.07.17"]
[Round "5.19"]
[White "Brunet Gil, Pol"]
[Black "Valarezzo Ricard, Pedro"]
[Result "1/2-1/2"]
[WhiteElo "1524"]
[BlackElo "1887"]
[PlyCount "25"]
[EventDate "2016.07.13"]
[EventType "swiss"]
[EventRounds "9"]
[EventCountry "ESP"]
[SourceTitle "Ajedrez en Madrid"]
[Source "lmi"]
[SourceDate "2016.07.13"]
[SourceVersion "1"]
[SourceVersionDate "2019.06.21"]
[SourceQuality "1"]

1. e4 d5 2. exd5 Qxd5 3. Nc3 Qd6 4. d4 Nf6 5. Nf3 c6 6. Bc4 Be6 7. Bxe6 Qxe6+
8. Qe2 Qxe2+ 9. Nxe2 e6 10. O-O Bd6 11. Bf4 Bxf4 12. Nxf4 Nbd7 13. Nd3 1/2-1/2

[Event "18. Obert Int. Sant Marti 2016 - B"]
[Site "Barcelona ESP"]
[Date "2016.07.17"]
[Round "5.20"]
[White "De Figueiredo Coutinho, Rocco"]
[Black "Ramos Alvarez, Maximo"]
[Result "0-1"]
[WhiteElo "1474"]
[BlackElo "1843"]
[PlyCount "96"]
[EventDate "2016.07.13"]
[EventType "swiss"]
[EventRounds "9"]
[EventCountry "ESP"]
[SourceTitle "Ajedrez en Madrid"]
[Source "lmi"]
[SourceDate "2016.07.13"]
[SourceVersion "1"]
[SourceVersionDate "2019.06.21"]
[SourceQuality "1"]

1. e4 c5 2. Nf3 e6 3. d4 cxd4 4. Nxd4 Nf6 5. Nc3 Bb4 6. e5 Nd5 7. Bd2 Nxc3 8.
bxc3 Be7 9. Bd3 Nc6 10. Qe2 Qa5 11. Bb5 a6 12. Bxc6 dxc6 13. O-O c5 14. Nb3 Qc7
15. Rad1 Bd7 16. Rfe1 Bc6 17. Bf4 g5 18. Bg3 h5 19. f3 Bd7 20. Kh1 O-O-O 21.
Bf2 Rdg8 22. Nd2 g4 23. Ne4 gxf3 24. gxf3 Bb5 25. c4 Bd7 26. Nd6+ Bxd6 27. exd6
Qa5 28. Ra1 Bc6 29. Bg3 h4 30. Be5 Rh5 31. Bb2 Rf5 32. Rf1 h3 33. Rf2 Rfg5 34.
a3 Qa4 35. Raf1 Rg4 36. Qd3 Kd7 37. Qh7 Qxc4 38. Qxf7+ Kxd6 39. Rd1+ Bd5 40.
Rfd2 Rg2 41. Rxd5+ exd5 42. Qf6+ Kd7 43. Qf5+ Kc7 44. Be5+ Kb6 45. Rb1+ Ka5 46.
Bc7+ Ka4 47. Qxh3 Qxc2 48. Rf1 Qf2 0-1

[Event "18. Obert Int. Sant Marti 2016 - B"]
[Site "Barcelona ESP"]
[Date "2016.07.17"]
[Round "5.21"]
[White "Martin Valentin, Francisco"]
[Black "Grasa Solanas, Oscar"]
[Result "1/2-1/2"]
[WhiteElo "1836"]
[BlackElo "1637"]
[PlyCount "93"]
[EventDate "2016.07.13"]
[EventType "swiss"]
[EventRounds "9"]
[EventCountry "ESP"]
[SourceTitle "Ajedrez en Madrid"]
[Source "lmi"]
[SourceDate "2016.07.13"]
[SourceVersion "1"]
[SourceVersionDate "2019.06.21"]
[SourceQuality "1"]

1. c4 d5 2. d4 e6 3. Nc3 Nf6 4. Bg5 Be7 5. e3 O-O 6. Nf3 c5 7. dxc5 Qa5 8. Qb3
Qxc5 9. Be2 b6 10. cxd5 Nxd5 11. Bxe7 Nxe7 12. Rc1 Bb7 13. O-O Rc8 14. h3 Nd7
15. Rfd1 Nf6 16. Nd4 Qg5 17. Bf3 Bxf3 18. Nxf3 Qh5 19. Nb5 Rc5 20. Rxc5 Qxc5
21. Nc3 h6 22. Rd2 Ned5 23. Nxd5 Nxd5 24. a3 Rc8 25. Nd4 Qc1+ 26. Rd1 Qc5 27.
Rd2 Qc1+ 28. Rd1 Qc4 29. Rd2 Qxb3 30. Nxb3 Kf8 31. e4 Nf6 32. f3 Ke7 33. Kf2
Nd7 34. Ke3 Ne5 35. Ke2 a6 36. f4 Nd7 37. Ke3 Nb8 38. Nd4 Rc7 39. Rc2 Rxc2 40.
Nxc2 Kd6 41. Nb4 Kc5 42. Kd3 a5 43. Nc2 Nc6 44. b3 b5 45. g4 f6 46. Kc3 g6 47.
b4+ 1/2-1/2

[Event "18. Obert Int. Sant Marti 2016 - B"]
[Site "Barcelona ESP"]
[Date "2016.07.17"]
[Round "5.22"]
[White "Maqueda Berdugo, Francisco"]
[Black "Corominas Garrido, Antonio"]
[Result "1/2-1/2"]
[WhiteElo "1696"]
[BlackElo "1824"]
[PlyCount "120"]
[EventDate "2016.07.13"]
[EventType "swiss"]
[EventRounds "9"]
[EventCountry "ESP"]
[SourceTitle "Ajedrez en Madrid"]
[Source "lmi"]
[SourceDate "2016.07.13"]
[SourceVersion "1"]
[SourceVersionDate "2019.06.21"]
[SourceQuality "1"]

1. e4 c6 2. d4 d5 3. Nc3 dxe4 4. Nxe4 Bf5 5. Ng3 Bg6 6. h4 h6 7. Nf3 Nd7 8. h5
Bh7 9. Bd3 Bxd3 10. Qxd3 e6 11. Bd2 Ngf6 12. O-O-O Bd6 13. Kb1 Qc7 14. Ne4 Nxe4
15. Qxe4 Nf6 16. Qe2 O-O-O 17. c4 c5 18. Bc3 Rhe8 19. g3 Kb8 20. dxc5 Qxc5 21.
Be5 Kc8 22. Bxd6 Rxd6 23. Rxd6 Qxd6 24. Rd1 Qc7 25. Ne5 Rd8 26. Rxd8+ Kxd8 27.
g4 Ke7 28. f4 Nd7 29. Nxd7 Qxd7 30. Kc2 Qd4 31. Qf1 f6 32. b3 Kd6 33. Qf3 Kc7
34. a4 a5 35. Qg3 Kb6 36. g5 Kc5 37. Qf3 b6 38. gxh6 gxh6 39. f5 e5 40. Qb7
Qf2+ 41. Kc3 Qd4+ 42. Kc2 Kb4 43. Qe7+ Qc5 44. Qxf6 Qf2+ 45. Kd1 e4 46. Qe7+
Kxb3 47. Qxe4 Qg1+ 48. Kd2 Qf2+ 49. Kd3 Qf1+ 50. Ke3 Qg1+ 51. Kf4 Qh2+ 52. Kg4
Qg1+ 53. Kh3 Qf1+ 54. Kg3 Qg1+ 55. Qg2 Qe1+ 56. Qf2 Qe5+ 57. Qf4 Qe1+ 58. Kg2
Qe2+ 59. Kh3 Qxh5+ 60. Kg3 Qf7 1/2-1/2

[Event "18. Obert Int. Sant Marti 2016 - B"]
[Site "Barcelona ESP"]
[Date "2016.07.17"]
[Round "5.23"]
[White "Lleyda Naval, Justo"]
[Black "Sanchez Coves, Juan Josep"]
[Result "1-0"]
[WhiteElo "1818"]
[BlackElo "1610"]
[PlyCount "49"]
[EventDate "2016.07.13"]
[EventType "swiss"]
[EventRounds "9"]
[EventCountry "ESP"]
[SourceTitle "Ajedrez en Madrid"]
[Source "lmi"]
[SourceDate "2016.07.13"]
[SourceVersion "1"]
[SourceVersionDate "2019.06.21"]
[SourceQuality "1"]

1. e4 c5 2. Nf3 a6 3. d4 cxd4 4. Nxd4 e5 5. Nb3 Nf6 6. f3 d5 7. Bg5 d4 8. Bd3
Nc6 9. O-O Nb4 10. N1d2 b5 11. f4 Be7 12. fxe5 Ng4 13. Qf3 Nxe5 14. Qg3 Nexd3
15. Bxe7 Qxe7 16. cxd3 Nc2 17. Rac1 Ne3 18. Rfe1 Qf6 19. Nf3 Qh6 20. Nfxd4 Ng4
21. h3 Nf6 22. Qe5+ Be6 23. Nxe6 fxe6 24. Qxe6+ Kf8 25. Rc7 1-0

[Event "18. Obert Int. Sant Marti 2016 - B"]
[Site "Barcelona ESP"]
[Date "2016.07.17"]
[Round "5.24"]
[White "Martos Martin, Josep Angel"]
[Black "Roche Peris, Eduard"]
[Result "1/2-1/2"]
[WhiteElo "1981"]
[BlackElo "1798"]
[PlyCount "92"]
[EventDate "2016.07.13"]
[EventType "swiss"]
[EventRounds "9"]
[EventCountry "ESP"]
[SourceTitle "Ajedrez en Madrid"]
[Source "lmi"]
[SourceDate "2016.07.13"]
[SourceVersion "1"]
[SourceVersionDate "2019.06.21"]
[SourceQuality "1"]

1. e4 e5 2. d4 exd4 3. c3 d5 4. exd5 Qxd5 5. cxd4 Bb4+ 6. Nc3 Nf6 7. Nf3 O-O 8.
Be2 Ne4 9. Bd2 Bxc3 10. bxc3 Nxd2 11. Qxd2 Re8 12. O-O Bf5 13. Rae1 Nc6 14. Qb2
Rab8 15. Nd2 Rxe2 16. Rxe2 Bd3 17. Rfe1 Bxe2 18. Rxe2 b6 19. Qc2 Rd8 20. h3 b5
21. Nf3 f6 22. Re4 Qf7 23. Qe2 a6 24. Re6 Qd7 25. Re4 Kf7 26. g4 Re8 27. Nd2
Rxe4 28. Qxe4 h6 29. f4 Qe6 30. f5 Qxe4 31. Nxe4 b4 32. d5 bxc3 33. Nxc3 Nb4
34. Kf2 Ke7 35. Ke3 Kd6 36. Kd4 Nc2+ 37. Kd3 Na3 38. Kd4 Nb5+ 39. Nxb5+ axb5
40. a3 c5+ 41. dxc6 Kxc6 42. h4 Kd6 43. h5 Kc6 44. Kd3 Kd5 45. Kc3 Kd6 46. Kd4
Kc6 1/2-1/2

[Event "18. Obert Int. Sant Marti 2016 - B"]
[Site "Barcelona ESP"]
[Date "2016.07.17"]
[Round "5.25"]
[White "Lozano Ruiz, David"]
[Black "Grindbakken, Erik"]
[Result "1/2-1/2"]
[WhiteElo "1796"]
[BlackElo "1610"]
[PlyCount "59"]
[EventDate "2016.07.13"]
[EventType "swiss"]
[EventRounds "9"]
[EventCountry "ESP"]
[SourceTitle "Ajedrez en Madrid"]
[Source "lmi"]
[SourceDate "2016.07.13"]
[SourceVersion "1"]
[SourceVersionDate "2019.06.21"]
[SourceQuality "1"]

1. d4 Nf6 2. Nf3 d5 3. c3 Bf5 4. Bf4 e6 5. e3 a6 6. Be2 Nbd7 7. h3 h6 8. Nbd2
c5 9. Ne5 Rc8 10. O-O Be7 11. Ndf3 Ne4 12. Nxd7 Qxd7 13. Ne5 Qd8 14. f3 Nf6 15.
Bd3 Bxd3 16. Qxd3 Nd7 17. Rae1 O-O 18. Bh2 Nxe5 19. Bxe5 Bd6 20. Bxd6 Qxd6 21.
f4 c4 22. Qc2 b5 23. a3 a5 24. e4 f6 25. e5 fxe5 26. fxe5 Qe7 27. Qe2 Rxf1+ 28.
Rxf1 Rf8 29. Rf2 Rxf2 30. Qxf2 1/2-1/2

[Event "18. Obert Int. Sant Marti 2016 - B"]
[Site "Barcelona ESP"]
[Date "2016.07.17"]
[Round "5.26"]
[White "Olivas Montoya, Albert"]
[Black "Ji, Pablo"]
[Result "0-1"]
[WhiteElo "1746"]
[BlackElo "1606"]
[PlyCount "80"]
[EventDate "2016.07.13"]
[EventType "swiss"]
[EventRounds "9"]
[EventCountry "ESP"]
[SourceTitle "Ajedrez en Madrid"]
[Source "lmi"]
[SourceDate "2016.07.13"]
[SourceVersion "1"]
[SourceVersionDate "2019.06.21"]
[SourceQuality "1"]

1. e4 c5 2. Nf3 d6 3. d4 cxd4 4. Nxd4 Nf6 5. Nc3 g6 6. Be3 Bg7 7. f3 Nc6 8. Bc4
O-O 9. Qd2 Bd7 10. O-O-O Rc8 11. Bb3 Ne5 12. g4 Nc4 13. Qf2 Qa5 14. h4 Nxb2 15.
Kxb2 Qxc3+ 16. Kb1 a5 17. a4 b5 18. Rd3 Qc7 19. Nxb5 Bxb5 20. axb5 a4 21. Bxa4
Qa5 22. e5 Qxa4 23. exf6 Bxf6 24. Bd4 Qxb5+ 25. Rb3 Bxd4 26. Qxd4 Qc5 27. Qe4
Qa7 28. Rb7 Rb8 29. Rb3 Rxb3+ 30. cxb3 Ra8 31. Re1 Qa2+ 32. Kc1 Rc8+ 33. Kd1
Qxb3+ 34. Kd2 Qb2+ 35. Ke3 e5 36. Re2 Qb6+ 37. Kd2 Qc5 38. Ke1 Qg1+ 39. Kd2
Qc1+ 40. Kd3 Qc3# 0-1

[Event "18. Obert Int. Sant Marti 2016 - B"]
[Site "Barcelona ESP"]
[Date "2016.07.17"]
[Round "5.27"]
[White "Martin Vilanova, Jordi"]
[Black "Garcia Ramos, Anais"]
[Result "1-0"]
[WhiteElo "1919"]
[BlackElo "1392"]
[PlyCount "69"]
[EventDate "2016.07.13"]
[EventType "swiss"]
[EventRounds "9"]
[EventCountry "ESP"]
[SourceTitle "Ajedrez en Madrid"]
[Source "lmi"]
[SourceDate "2016.07.13"]
[SourceVersion "1"]
[SourceVersionDate "2019.06.21"]
[SourceQuality "1"]

1. Nf3 d5 2. g3 Nf6 3. Bg2 c5 4. c4 Nc6 5. O-O e6 6. b3 Be7 7. Bb2 O-O 8. d4
cxd4 9. cxd5 Nxd5 10. Nxd4 Nxd4 11. Bxd4 Bf6 12. e4 Bxd4 13. Qxd4 Nf6 14. Qb4
e5 15. Nc3 Re8 16. Nd5 Nxd5 17. exd5 a5 18. Qb5 b6 19. Rfd1 Ba6 20. Qa4 b5 21.
Qe4 Bb7 22. h4 f6 23. Bf1 Qd7 24. Bd3 g6 25. Qe2 Ba6 26. a4 Rab8 27. axb5 Bxb5
28. Rxa5 Bxd3 29. Qxd3 Red8 30. d6 Rb6 31. Qd5+ Kh8 32. Ra8 Rxa8 33. Qxa8+ Kg7
34. Qd5 Rb5 35. Qxb5 1-0